000 00492nam a2200181Ia 4500
999 _c14494
_d14494
003 OSt
005 20201022094138.0
008 190216s9999||||xx |||||||||||||| ||und||
020 _a9780143104087
040 _coclc
082 _a828.91409
_bSET/T
100 _aSeth, Vikram
_95577
245 0 _aTwo Lives /
_cVikram Seth
260 _bPenguin Books,
_c2005.
_aDelhi:
300 _a503p
650 _aEnglish
942 _cBK
_2ddc
_h828.91409
_iSET/T
_k828.91409
_mSET/T